| 000 | 00349cam a22001217a 4500 | ||
|---|---|---|---|
| 008 | 180718b950x xxu||||| |||| 00| 0 eng d | ||
| 082 | _a548x54 R212P | ||
| 100 | _aRay, Nikhil Ranjan | ||
| 245 |
_aFreedom of the press in India _cby Nikhil Ranjan Ray |
||
| 260 |
_aCalcutta _bGeneral Printers1 _c950x |
||
| 300 | _ai, 15pI | ||
| 650 | _aress law --IndiaB | ||
| 999 |
_c429170 _d429170 |
||